stranger things quiz!!! - Statistics

General Stats
  • This quiz has been taken 747 times
  • The average score is 12 of 15
Answer Stats
hint Answer % Correct
what is the name of the boy who went missing? will
100%
what is elevens real name? jane
96%
what is mikes sisters name? nancy
94%
whos house in season 1 did eleven stay? mike
92%
what is the chiefs full name? jim hopper
91%
what is mikes last name? wheeler
91%
lucas? sinclair
90%
what takes the boy? demogorgon
89%
and who is his sisters best friend? barbara
88%
what is the monster attracted to? blood
71%
what does eleven like to eat the most? eggo waffles
71%
what is nancys boyfriends name? steve harrington
71%
what is the name of the man eleven calls "papa" dr brenner
67%
what does mike call the mean guy? mouth breather
50%
what did eleven call the shop keeper? mouth breather
50%
No matching quizzes found
Score Distribution
Percent of People with Each Score
Percentile by Number Answered
Your Score History
You have not taken this quiz